000
00325nam a22001457a 4500
008
250709b ||||| |||| 00| 0 eng d
020
_a
9789928186591
041
_a
SHQIP
080
_2
2007
_a
001
082
_a
001
100
_a
1
101
_a
GJUHE DHE LETERSI
245
_a
KESHTJELLA
_c
ISMAIL KADARE
942
_2
udc
_c
BK
999
_c
60733
_d
60733